000 00812nam a2200205Ii 4500
003 JO-AjNU
008 230605s9999||||xx |||||||||||||| ||und||
017 _a2015/7/3204
040 _aJO-AjNU
_bara
_erda
_cJO-AjNU
041 _aara
050 1 4 _aNK1473.J65.A289 2015
100 3 _aأبو زريق، محمد,
_eauthor
_961072
245 0 0 _aدراسات في الفن التشكيلي الأردني المعاصر
264 3 1 _aعمان: وزارة الثقافه، 2015
300 _a297ص
_bيحتوي على صور توضيحية / مكتبة الاسرة القراءه للجميع/ عمان: وزارة الثقافة
336 _atext
_btxt
_2rdacontent
337 _aunmediated
_bn
_2rdamedia
338 _avolume
_bnc
_2rdacarrier
650 4 _aالفنون النشكلية- الأردن
_961073
999 _aA27582
_c31150
_d31150